000 00846nam a2200253Ia 4500
003 OSt
005 20220930094007.0
006 a|||||r|||| 00| 0
007 ta
008 220926b |||||||| |||| 00| 0 eng d
024 _a63264
037 _cTheses
040 _aCRL
_cCRL
_beng
041 _2eng
_aeng
100 _aMedhi Ankita Au.
_9554042
110 _aUniversity of Delhi. Faculty of Social Science. Department of Geography
_9528123
245 0 _aRural road development planning using geo-informatics
_b a case study og Jorhat District, Assam
260 _c2018
300 _av,221p.
_ap.
_ccm.
700 _a Saha Ashis Kumar Gu.
_9554043
700 _aUniversity of Delhi. Faculty of Social Science. Department of Geography
_9528124
942 _cDIS
_2CC
999 _c886386
_d886386